[Event "V Match Cina-Russia"]
[Site "Ningpo CINA"]
[Date "2008.09.19"]
[Round "2"]
[White "Ruan Lufei"]
[Black "Kosintseva, T."]
[Result "1/2-1/2"]
[WhiteElo "2499"]
[BlackElo "2511"]
[PlyCount "83"]
[EventDate "2008.09.18"]
[Source "www.chesslib.no"]
[SourceDate "2004.05.04"]

1. e4 c5 2. Nf3 d6 3. d4 cxd4 4. Nxd4 Nf6 5. Nc3 Nc6 6. Bg5 e6 7. Qd2 a6 8. O-O-O Be7 9. f4 Bd7 10. Nf3 b5 11. Bxf6 gxf6 12. Kb1 Rc8 13. Bd3 Qa5 14. f5 Nb4 15. fxe6 fxe6 16. Nd4 Nxd3 17. Qxd3 b4 18. Nce2 Qe5 19. g3 a5 20. Nf4 a4 21. Rhe1 a3 22. Qb3 Kf7 23. Re3 Rhe8 24. Qxb4 d5 25. Qe1 dxe4 26. Rxe4 Qb8 27. Nb3 Qc7 28. Qe2 Bb5 29. Qh5+ Kg8 30. c4 Bc6 31. Rxe6 Bf8 32. Nd5 Bxd5 33. Qxd5 Kh8 34. Rxe8 Rxe8 35. c5 axb2 36. Qf5 Qc6 37. Qd5 Qa4 38. Qd4 Qa6 39. Qd3 Qa4 40. Qd4 Qa6 41. Qd3 Qa4 42. Qd4 1/2-1/2

[Event "Niksic"]
[Site "Niksic"]
[Date "1991.??.??"]
[Round "2"]
[White "Ziatdinov, Raset"]
[Black "Cabrilo, Goran"]
[Result "1/2-1/2"]
[WhiteElo "2515"]
[BlackElo "2490"]
[PlyCount "121"]
[EventDate "1991.04.??"]
[Source "ChessBase"]

1. e4 c5 2. Nf3 Nc6 3. d4 cxd4 4. Nxd4 Nf6 5. Nc3 d6 6. Bg5 e6 7. Qd2 a6 8. O-O-O Bd7 9. f4 Be7 10. Nf3 b5 11. Bxf6 gxf6 12. f5 Qb6 13. Kb1 O-O-O 14. g3 Kb8 15. fxe6 fxe6 16. Bh3 Bc8 17. Qh6 Qc5 18. Rhe1 Rhe8 19. a3 Bf8 20. Qxf6 Re7 21. Nd4 Nxd4 22. Rxd4 Qc7 23. Qf1 Bg7 24. Rd3 Rf7 25. Qe2 Rdf8 26. Nd1 Be5 27. Rb3 Ka7 28. Rf1 Rxf1 29. Bxf1 Qc5 30. Rf3 Rxf3 31. Qxf3 Bb7 32. Bd3 Qg1 33. Qe3+ Bd4 34. Qxg1 Bxg1 35. h3 Kb8 36. g4 h6 37. Kc1 Kc7 38. Kd2 Kd7 39. Ke2 Ke7 40. Ne3 Bh2 41. c4 bxc4 42. Nxc4 Bf4 43. a4 Kd7 44. b3 Kc7 45. Kf3 Bc1 46. Ne3 Kc6 47. Bc4 d5 48. exd5+ Kc5 49. Ke4 a5 50. h4 Bb2 51. g5 hxg5 52. hxg5 Bg7 53. g6 Bb2 54. Be2 exd5+ 55. Kd3 Be5 56. Bg4 Ba6+ 57. Kd2 d4 58. Nc2 Bf4+ 59. Kd1 Bh6 60. Ne1 d3 61. Be6 1/2-1/2

[Event "Tungsram"]
[Site "Budapest"]
[Date "1976.??.??"]
[Round "?"]
[White "Vogt, Lothar"]
[Black "Suetin, Alexey S"]
[Result "1/2-1/2"]
[WhiteElo "2480"]
[BlackElo "2525"]
[PlyCount "133"]
[EventDate "1976.08.??"]
[Source "ChessBase"]

1. e4 c5 2. Nf3 Nc6 3. d4 cxd4 4. Nxd4 Nf6 5. Nc3 d6 6. Bg5 e6 7. Qd2 Be7 8. O-O-O Bd7 9. f4 a6 10. Nf3 b5 11. Bxf6 Bxf6 12. Qxd6 Be7 13. Qd2 b4 14. Ne2 Ra7 15. Ned4 Qb6 16. Nxc6 Bxc6 17. Qd4 Qc7 18. Ne5 Ba8 19. Kb1 O-O 20. Bc4 a5 21. Qe3 Bc5 22. Qe2 Bd6 23. Qe3 Bxe5 24. fxe5 a4 25. Rd6 Ra5 26. Qd4 Qc5 27. Bd3 Qxd4 28. Rxd4 Rb8 29. Rd1 g6 30. Be2 Kg7 31. Rc4 Rxe5 32. Bf3 g5 33. h3 h5 34. Kc1 g4 35. hxg4 hxg4 36. Bxg4 Rxe4 37. Rxe4 Bxe4 38. Bf3 Bg6 39. Rd6 a3 40. bxa3 bxa3 41. Ra6 Rb2 42. Rxa3 Rxc2+ 43. Kd1 Rb2 44. Kc1 Rf2 45. Ra5 Kf6 46. Kd1 e5 47. Ke1 Rb2 48. Be2 Be4 49. g3 Kf5 50. a4 Ra2 51. Bc4 Ra1+ 52. Kf2 f6 53. Ra7 Ra3 54. Bb5 Bd5 55. Rh7 Ke6 56. g4 e4 57. Rh5 Rf3+ 58. Kg2 Rc3 59. Kf2 Bb3 60. Ke2 Bd5 61. Kf2 Rf3+ 62. Kg2 Ra3 63. Kf2 Bb3 64. Ke2 Bd5 65. Kf2 Rf3+ 66. Kg2 Kd6 67. Rh3 1/2-1/2

[Event "Bundesliga 9293"]
[Site "Germany"]
[Date "1993.??.??"]
[Round "?"]
[White "Bologan, Viktor"]
[Black "Hausner, Ivan"]
[Result "1-0"]
[WhiteElo "2520"]
[BlackElo "2480"]
[PlyCount "109"]
[EventDate "1992.10.??"]
[Source "ChessBase"]
[SourceDate "1999.07.01"]

1. e4 c5 2. Nf3 d6 3. d4 cxd4 4. Nxd4 Nf6 5. Nc3 Nc6 6. Bg5 e6 7. Qd2 a6 8. O-O-O Bd7 9. f4 Be7 10. Nf3 b5 11. Bxf6 gxf6 12. Bd3 Qb6 13. Rhe1 O-O-O 14. Kb1 Qc5 15. f5 h5 16. Ne2 Bf8 17. Qf4 Bh6 18. Qh4 Rdg8 19. Qxf6 h4 20. Qxf7 Nd8 21. Qf6 Bg7 22. Qg5 Bh6 23. Qxh4 Bf8 24. fxe6 Rxh4 25. exd7+ Kxd7 26. Nxh4 Bg7 27. Nf5 Be5 28. g3 Nc6 29. Nc1 Kc7 30. Bf1 Rh8 31. Nd3 Qb6 32. h4 Kb8 33. g4 Qa5 34. Nxe5 dxe5 35. g5 Rc8 36. c3 b4 37. c4 b3 38. a3 Qb6 39. Re3 Na5 40. h5 Rd8 41. Rc1 Rd2 42. c5 Qd8 43. Nd6 Qxg5 44. c6 Nxc6 45. Rxb3+ Kc7 46. Nc4 Rf2 47. Rbc3 Kd8 48. Nb6 Qg1 49. Be2 Qh2 50. Rxc6 Rxe2 51. Rc8+ Ke7 52. Nd5+ Kf7 53. R1c7+ Ke6 54. Re8+ Kd6 55. Rd8+ 1-0

[Event "URS-ch sf"]
[Site "Daugavpils"]
[Date "1978.??.??"]
[Round "?"]
[White "Suetin, Alexey S"]
[Black "Lukin, Andrei M"]
[Result "1/2-1/2"]
[WhiteElo "2535"]
[BlackElo "2460"]
[PlyCount "53"]
[EventDate "1978.06.??"]
[Source "ChessBase"]

1. e4 c5 2. Nf3 Nc6 3. d4 cxd4 4. Nxd4 Nf6 5. Nc3 d6 6. Bg5 e6 7. Qd2 a6 8. O-O-O Bd7 9. f4 Be7 10. Nf3 b5 11. Bxf6 gxf6 12. f5 Qb6 13. Kb1 Rc8 14. fxe6 fxe6 15. Qh6 Na5 16. Qg7 Rf8 17. Qxh7 Rxc3 18. bxc3 e5 19. Qh5+ Kd8 20. Nd2 Be6 21. g3 Qc5 22. Bh3 Bxh3 23. Qxh3 Qxc3 24. Qe6 Qb4+ 25. Kc1 Qa3+ 26. Kb1 Qb4+ 27. Kc1 1/2-1/2

[Event "Krasnoturinsk"]
[Site "?"]
[Date "2005.07.04"]
[Round "1"]
[White "Kosteniuk Alexandra"]
[Black "Kosintseva Tatiana"]
[Result "1-0"]
[WhiteElo "2516"]
[BlackElo "2477"]
[PlyCount "81"]
[EventDate "2005.??.??"]
[Source "www.chesslib.no"]
[SourceDate "2004.05.04"]

1. e4 c5 2. Nf3 Nc6 3. d4 cxd4 4. Nxd4 Nf6 5. Nc3 d6 6. Bg5 e6 7. Qd2 a6 8. O-O-O Bd7 9. f4 Be7 10. Nf3 b5 11. Bxf6 gxf6 12. f5 Qb6 13. Kb1 O-O-O 14. g3 Kb8 15. Bh3 Bc8 16. fxe6 fxe6 17. Qh6 b4 18. Ne2 Ne5 19. Ned4 Rdg8 20. Qh5 Nxf3 21. Qxf3 f5 22. Rhe1 Bf6 23. Nb3 Bb7 24. Qf1 Rd8 25. exf5 e5 26. Bg2 d5 27. Nd4 Rd6 28. Ne6 Rc8 29. g4 h6 30. h4 Rxe6 31. fxe6 Qxe6 32. g5 hxg5 33. hxg5 Bxg5 34. Bh3 Qf6 35. Bxc8 Kxc8 36. Qh3+ Kc7 37. Qh7+ Kb6 38. Rg1 Bc6 39. Qg8 Be3 40. Rg6 Qf3 41. Qa8 1-0

[Event "Palma de Mallorca (GMA)"]
[Site "?"]
[Date "1989.??.??"]
[Round "?"]
[White "Lau, R."]
[Black "Arnason, J."]
[Result "1/2-1/2"]
[WhiteElo "2470"]
[BlackElo "2520"]
[PlyCount "92"]
[EventDate "1989.??.??"]
[Source "ChessBase"]
[SourceDate "1989.07.01"]

1. e4 c5 2. Nf3 d6 3. d4 cxd4 4. Nxd4 Nf6 5. Nc3 Nc6 6. Bg5 e6 7. Qd2 a6 8. O-O-O Bd7 9. f4 Be7 10. Nf3 b5 11. Bxf6 gxf6 12. Kb1 Qb6 13. f5 O-O-O 14. g3 Kb8 15. fxe6 fxe6 16. Bh3 Bc8 17. Qe1 Rhe8 18. Ne2 Ne5 19. Rf1 Nc4 20. Rd3 d5 21. exd5 e5 22. Bxc8 e4 23. Be6 exd3 24. Ned4 dxc2+ 25. Kxc2 Bc5 26. Nc6+ Ka8 27. Nxd8 Ne3+ 28. Kb1 Nxf1 29. Qxf1 Rxd8 30. Qh3 Qc7 31. Qh6 Qe7 32. Qf4 Bd6 33. Qe4 Qc7 34. a3 Rb8 35. Qd3 Re8 36. Nd4 Qc5 37. Nf5 Be5 38. d6 Qg1+ 39. Ka2 Qf2 40. Qb3 Rxe6 41. d7 Qd2 42. d8=R+ Qxd8 43. Qxe6 Kb7 44. Ne7 Qd2 45. Qc6+ Ka7 46. Qc5+ Kb7 1/2-1/2

[Event "Ashdod"]
[Site "?"]
[Date "2003.??.??"]
[Round "?"]
[White "Klovans, J."]
[Black "Greenfeld, A."]
[Result "0-1"]
[WhiteElo "2462"]
[BlackElo "2527"]
[PlyCount "68"]
[EventDate "2003.??.??"]
[Source "Chess Informant"]
[SourceDate "2003.10.01"]

1. e4 c5 2. Nf3 Nc6 3. d4 cxd4 4. Nxd4 Nf6 5. Nc3 d6 6. Bg5 e6 7. Qd2 a6 8. O-O-O Be7 9. f4 Bd7 10. Nf3 b5 11. Bxf6 gxf6 12. Kb1 Qb6 13. f5 O-O-O 14. Ne2 Kb8 15. Nf4 Bc8 16. fxe6 fxe6 17. Be2 d5 18. exd5 e5 19. Qc3 Nb4 20. a3 Bf5 21. Nxe5 Bxc2+ 22. Qxc2 Nxc2 23. Nc6+ Ka8 24. Kxc2 Bd6 25. Ne6 Qf2 26. Rhe1 Rc8 27. Kb1 Qxg2 28. a4 Qe4+ 29. Bd3 Qxa4 30. Bc2 Qh4 31. Re2 Rhg8 32. Ned4 Be5 33. Ne7 Rg1 34. Nxc8 Qxd4 0-1

[Event "Sochi"]
[Site "Sochi RUS"]
[Date "1988.??.??"]
[Round "?"]
[White "Kholmov, Ratmir D"]
[Black "Arnason, Jon L"]
[Result "1/2-1/2"]
[WhiteElo "2475"]
[BlackElo "2510"]
[PlyCount "83"]
[EventDate "1988.09.??"]
[Source "www.chesslib.no"]
[SourceDate "2004.05.04"]

1. e4 c5 2. Nf3 d6 3. d4 cxd4 4. Nxd4 Nf6 5. Nc3 Nc6 6. Bg5 e6 7. Qd2 a6 8. O-O-O Bd7 9. f4 Be7 10. Nf3 b5 11. Bxf6 gxf6 12. f5 Qb6 13. Kb1 O-O-O 14. g3 Kb8 15. fxe6 fxe6 16. Bh3 Bc8 17. Rhe1 Qc5 18. Qg2 Rhe8 19. Ne2 d5 20. exd5 Nb4 21. Nc3 Nxd5 22. Nxd5 Rxd5 23. Rxd5 Qxd5 24. Qe2 Rd8 25. c3 Bb7 26. Bg2 Qf5+ 27. Ka1 Qe4 28. Qxe4 Bxe4 29. a4 Bd5 30. axb5 axb5 31. Kb1 f5 32. Re2 Be4+ 33. Ka2 Bd3 34. Re1 Bc4+ 35. Ka1 Bf6 36. Bf1 Bxf1 37. Rxf1 e5 38. Kb1 b4 39. Kc2 bxc3 40. bxc3 e4 41. Nd4 Bxd4 42. cxd4 1/2-1/2

[Event "Vrnjacka Banja"]
[Site "?"]
[Date "1990.??.??"]
[Round "?"]
[White "Matulovic, M."]
[Black "Sokolov, I."]
[Result "1-0"]
[WhiteElo "2435"]
[BlackElo "2550"]
[PlyCount "97"]
[EventDate "1990.??.??"]
[Source "ChessBase"]
[SourceDate "1990.01.01"]

1. e4 c5 2. Nf3 d6 3. d4 cxd4 4. Nxd4 Nf6 5. Nc3 Nc6 6. Bg5 Bd7 7. Qd2 a6 8. O-O-O e6 9. f4 Be7 10. Nf3 b5 11. Bxf6 gxf6 12. Kb1 b4 13. Ne2 h5 14. g3 Qb6 15. Bg2 a5 16. Ned4 Rc8 17. Nxc6 Bxc6 18. Nd4 Bd7 19. Rhe1 a4 20. Re3 Qc5 21. c3 b3 22. a3 Rc7 23. h4 Rg8 24. Rde1 Qa5 25. Qf2 Rc5 26. f5 e5 27. Ne2 Bc6 28. Nc1 Bb7 29. Nd3 Rc4 30. Nb4 Qc5 31. Qe2 Rg4 32. Nd3 Qc6 33. Nf2 Rg8 34. Bf1 Rc5 35. Nd3 Ra5 36. Nb4 Qb6 37. Qxh5 Qc7 38. Bg2 Bf8 39. Qe2 Rc5 40. Rd3 Rc4 41. g4 Rxb4 42. cxb4 Ba6 43. Rc1 Qb6 44. Bf1 Bxd3+ 45. Qxd3 Rxg4 46. Qd5 Ke7 47. Qa8 Bh6 48. Bb5 Qd8 49. Rc7+ 1-0

[Event "Nordic Ch"]
[Site "Torshavn FAI"]
[Date "1987.??.??"]
[Round "?"]
[White "Arnason, Jon L"]
[Black "Schneider, Lars-Ake"]
[Result "0-1"]
[WhiteElo "2540"]
[BlackElo "2435"]
[PlyCount "64"]
[EventDate "1987.07.??"]
[Source "www.chesslib.no"]
[SourceDate "2004.05.04"]

1. e4 c5 2. Nf3 Nc6 3. d4 cxd4 4. Nxd4 Nf6 5. Nc3 d6 6. Bg5 e6 7. Qd2 a6 8. O-O-O Bd7 9. f4 Be7 10. Nf3 b5 11. Bxf6 gxf6 12. g3 Qb6 13. Bh3 O-O-O 14. f5 Kb8 15. fxe6 fxe6 16. Ne2 Ne5 17. Nfd4 Nc4 18. Qh6 e5 19. Bxd7 Rxd7 20. Nf5 Qa5 21. a3 Rc8 22. Rd3 Bf8 23. Qxf6 Rdc7 24. c3 b4 25. Kb1 bxa3 26. b3 Rb7 27. Ka1 a2 28. Qg5 Qa3 29. Rd2 Nxd2 30. Qxd2 Qxb3 31. Qxa2 Qxa2+ 32. Kxa2 Rc5 0-1

[Event "Graz op-A"]
[Site "Graz"]
[Date "1999.??.??"]
[Round "3"]
[White "Balinov, Ilija"]
[Black "Bagaturov, Giorgi"]
[Result "1/2-1/2"]
[WhiteElo "2445"]
[BlackElo "2530"]
[PlyCount "94"]
[EventDate "1999.09.17"]
[Source "www.chesslib.no"]
[SourceDate "2004.05.04"]

1. e4 c5 2. Nf3 Nc6 3. d4 cxd4 4. Nxd4 Nf6 5. Nc3 d6 6. Bg5 e6 7. Qd2 a6 8. O-O-O Bd7 9. f4 Be7 10. Nf3 b5 11. Bxf6 gxf6 12. Kb1 Qb6 13. f5 O-O-O 14. g3 Kb8 15. fxe6 fxe6 16. Bh3 Bc8 17. Qe1 Bf8 18. Ne2 Bg7 19. Nf4 Rhe8 20. Rf1 Qc5 21. Rf2 f5 22. exf5 exf5 23. Re2 Qc4 24. c3 Re4 25. Rxe4 Qxe4+ 26. Qxe4 fxe4 27. Bxc8 Rxc8 28. Ng5 e3 29. Re1 Na5 30. Rxe3 Nc4 31. Re2 b4 32. cxb4 Bxb2 33. a4 h6 34. Nf3 Bg7 35. Nd5 Rf8 36. Nd2 Nxd2+ 37. Rxd2 Be5 38. Kc2 Rf3 39. Kd1 Kb7 40. Ke2 Ra3 41. a5 Kc6 42. Kf2 Rb3 43. Ke2 h5 44. Kd1 Kb5 45. Nc7+ Kxb4 46. Nxa6+ Kxa5 47. Nc7 Kb6 1/2-1/2

[Event "Bundesliga 9293"]
[Site "Germany"]
[Date "1993.??.??"]
[Round "?"]
[White "Sax, Gyula"]
[Black "Hausner, Ivan"]
[Result "1-0"]
[WhiteElo "2565"]
[BlackElo "2410"]
[PlyCount "83"]
[EventDate "1992.10.??"]
[Source "ChessBase"]
[SourceDate "1999.07.01"]

1. e4 c5 2. Nf3 d6 3. d4 cxd4 4. Nxd4 Nf6 5. Nc3 Nc6 6. Bg5 e6 7. Qd2 a6 8. O-O-O Bd7 9. f4 Be7 10. Nf3 b5 11. Bxf6 gxf6 12. Kb1 Qb6 13. f5 O-O-O 14. g3 Kb8 15. fxe6 fxe6 16. Bh3 Bc8 17. Qh6 Qc5 18. Rhe1 Rhe8 19. Rf1 Qc4 20. Nd2 Qc5 21. Nf3 Qc4 22. Rfe1 Qc5 23. Ne2 d5 24. exd5 Rxd5 25. Qxh7 Rh5 26. Qg6 Reh8 27. Bg2 e5 28. Nh4 Be6 29. Qe4 Rc8 30. Nf4 Bxa2+ 31. Kxa2 exf4 32. Qxf4+ Re5 33. Bxc6 Qxc6 34. Ng6 b4 35. Rd2 Qa4+ 36. Kb1 Rc4 37. Qf2 Ra5 38. Qb6+ Ka8 39. Rd8+ Bxd8 40. Qxd8+ Kb7 41. Re7+ Kc6 42. Re6+ 1-0

[Event "Leinfelder Schachtage op 2nd"]
[Site "?"]
[Date "2000.??.??"]
[Round "7"]
[White "Klovans Janis"]
[Black "Enders Peter"]
[Result "0-1"]
[WhiteElo "2492"]
[BlackElo "2478"]
[PlyCount "71"]
[EventDate "2000.??.??"]
[Source "www.chesslib.no"]
[SourceDate "2004.05.04"]

1. e4 c5 2. Nf3 d6 3. d4 cxd4 4. Nxd4 Nf6 5. Nc3 Nc6 6. Bg5 e6 7. Qd2 a6 8. O-O-O Bd7 9. f4 Be7 10. Nf3 b5 11. Bxf6 gxf6 12. Kb1 Qb6 13. Bd3 O-O-O 14. Rhe1 Kb7 15. f5 Rc8 16. Ne2 Na5 17. Nf4 Ka7 18. c3 Rc7 19. Bc2 Rhc8 20. fxe6 fxe6 21. Nd4 b4 22. cxb4 Nc4 23. Qe2 d5 24. exd5 Bxb4 25. Bb3 Bxe1 26. Qxe1 e5 27. Nc6+ Bxc6 28. dxc6 Qxc6 29. Nd5 Rd7 30. Qg1+ Kb8 31. Nxf6 Nd2+ 32. Rxd2 Rxd2 33. Qe1 Qd6 34. Ne4 Qd3+ 35. Ka1 Rd1+ 36. Qxd1 0-1

[Event "Lenk Open"]
[Site "Lenk SUI"]
[Date "1992.??.??"]
[Round "?"]
[White "Luther, Thomas"]
[Black "Tukmakov, Vladimir B"]
[Result "0-1"]
[WhiteElo "2435"]
[BlackElo "2535"]
[PlyCount "75"]
[EventDate "1992.06.??"]
[Source "www.chesslib.no"]
[SourceDate "2004.05.04"]

1. e4 c5 2. Nf3 d6 3. d4 cxd4 4. Nxd4 Nf6 5. Nc3 Nc6 6. Bg5 e6 7. Qd2 a6 8. O-O-O Bd7 9. f4 Be7 10. Nf3 b5 11. Bxf6 gxf6 12. Kb1 Qb6 13. Bd3 b4 14. Ne2 a5 15. f5 a4 16. Nf4 Qc5 17. Nh5 a3 18. Qh6 axb2 19. Nxf6+ Kd8 20. Qg7 Bxf6 21. Qxf6+ Kc7 22. Qxb2 Rhg8 23. g3 Ra3 24. Nd2 Ne5 25. Nb3 Qb6 26. Rd2 Rga8 27. Be2 Rxa2 28. Qxa2 Rxa2 29. Kxa2 Qe3 30. Bd3 Nxd3 31. cxd3 exf5 32. exf5 Bxf5 33. d4 Be6 34. d5 Qa7+ 35. Kb1 Bf5+ 36. Kc1 Kd7 37. Rhd1 Qc7+ 38. Kb2 0-1

[Event "12 Open Aosta"]
[Site "Saint Vincent"]
[Date "2004.02.12"]
[Round "6"]
[White "Saldano, Horacio"]
[Black "Roiz, Michael"]
[Result "1/2-1/2"]
[WhiteElo "2424"]
[BlackElo "2544"]
[PlyCount "67"]
[EventDate "2004.02.08"]
[Source "Roberto Alvarez"]
[SourceDate "2004.02.16"]

1. e4 c5 2. Nf3 Nc6 3. Nc3 d6 4. d4 cxd4 5. Nxd4 Nf6 6. Bg5 e6 7. Qd2 a6 8. O-O-O Be7 9. f4 Bd7 10. Nf3 b5 11. Bxf6 gxf6 12. f5 Qb6 13. Bd3 O-O-O 14. Kb1 Kb8 15. Ne2 Ne5 16. Nf4 Rhg8 17. Rhe1 Bc8 18. Bf1 d5 19. exd5 Nxf3 20. gxf3 e5 21. Ng2 Bc5 22. Ne3 Rg1 23. b4 Bd4 24. c3 Bxe3 25. Rxe3 Rxd5 26. Qxd5 Qxe3 27. Qd6+ Ka7 28. Qc7+ Bb7 29. Be2 Rxd1+ 30. Bxd1 Qd3+ 31. Bc2 Qxf3 32. Qc5+ Ka8 33. Qf8+ Ka7 34. Qc5+ 1/2-1/2

[Event "Wijk aan Zee NED"]
[Site "Wijk aan Zee NED"]
[Date "1974.??.??"]
[Round "52"]
[White "Ree, Hans"]
[Black "Timman, Jan Hein"]
[Result "1-0"]
[WhiteElo "2425"]
[BlackElo "2540"]
[PlyCount "27"]
[EventDate "1974.??.??"]
[Source "www.chesslib.no"]
[SourceDate "2004.05.04"]

1. e4 c5 2. Nf3 Nc6 3. d4 cxd4 4. Nxd4 Nf6 5. Nc3 d6 6. Bg5 e6 7. Qd2 a6 8. O-O-O Bd7 9. f4 Be7 10. Nf3 b5 11. Bxf6 Bxf6 12. Qxd6 Be7 13. Qd2 b4 14. a3 1-0

[Event "Bundesliga 9798"]
[Site "Germany"]
[Date "1998.??.??"]
[Round "?.4"]
[White "Polzin, Rainer"]
[Black "Tischbierek, Raj"]
[Result "0-1"]
[WhiteElo "2445"]
[BlackElo "2515"]
[PlyCount "116"]
[EventDate "1997.10.??"]
[Source "ChessBase"]
[SourceDate "1999.07.01"]

1. e4 c5 2. Nf3 d6 3. d4 cxd4 4. Nxd4 Nf6 5. Nc3 Nc6 6. Bg5 e6 7. Qd2 a6 8. O-O-O Bd7 9. f4 Be7 10. Nf3 b5 11. Bxf6 gxf6 12. f5 Qb6 13. g3 O-O-O 14. Bh3 Kb8 15. fxe6 fxe6 16. Ne2 Ne5 17. Nfd4 Nc4 18. Qd3 f5 19. exf5 e5 20. Ne6 Bxe6 21. fxe6 d5 22. Nc3 Qa5 23. Kb1 Qb4 24. b3 e4 25. Qd4 Bc5 26. Qg7 Rhg8 27. Nxd5 Rxg7 28. Nxb4 Rxd1+ 29. Rxd1 Na3+ 30. Kb2 Bxb4 31. c3 Be7 32. Rd7 e3 33. Bf1 a5 34. Be2 b4 35. cxb4 axb4 36. Kc1 Kc8 37. Ba6+ Kb8 38. Be2 h5 39. Bd3 Bg5 40. Kd1 Rxd7 41. exd7 Kc7 42. Ke2 Kxd7 43. h4 Bh6 44. Bg6 Nb5 45. Bxh5 Kd6 46. Kd3 Nc3 47. Bf3 Nxa2 48. g4 Nc1+ 49. Kc4 Ke5 50. Kxb4 Kf4 51. Bd1 e2 52. Bxe2 Nxe2 53. g5 Bf8+ 54. Kc4 Kg4 55. b4 Kxh4 56. b5 Kxg5 57. Kd5 Kf5 58. b6 Bh6 0-1

[Event "Nordic-tt"]
[Site "Aabybro"]
[Date "1989.??.??"]
[Round "?"]
[White "Mainka, Romuald"]
[Black "Arnason, Jon L"]
[Result "1/2-1/2"]
[WhiteElo "2410"]
[BlackElo "2550"]
[PlyCount "122"]
[EventDate "1989.10.??"]
[Source "www.chesslib.no"]
[SourceDate "2004.05.04"]

1. e4 c5 2. Nf3 d6 3. d4 cxd4 4. Nxd4 Nf6 5. Nc3 a6 6. Bg5 Nc6 7. Qd2 e6 8. O-O-O Bd7 9. f4 Be7 10. Nf3 b5 11. Bxf6 gxf6 12. f5 Qb6 13. Kb1 O-O-O 14. a4 b4 15. Ne2 e5 16. Nc1 Na5 17. b3 Bc6 18. Bd3 Nb7 19. Qe2 Nc5 20. Nd2 Qb7 21. Bc4 Bxe4 22. Nxe4 Qxe4 23. Bxa6+ Kc7 24. Na2 Qxe2 25. Bxe2 d5 26. Bf3 d4 27. Rhe1 Bf8 28. g4 Rg8 29. Kb2 Kb6 30. h3 Ka5 31. Nc1 Bh6 32. Nd3 Nxd3+ 33. cxd3 Rd6 34. Re2 Rc8 35. Rc2 Rc3 36. Rxc3 dxc3+ 37. Kc2 Rd4 38. Be4 Bg5 39. Re1 Bh4 40. Re2 h6 41. Rg2 Kb6 42. Kd1 Bg5 43. Ra2 Ka5 44. Ke2 Rd8 45. Bf3 Bc1 46. Rc2 Bf4 47. Ra2 Kb6 48. Be4 Bc1 49. Rc2 Bg5 50. Ra2 Rd7 51. Kd1 Be3 52. Ke2 Bf4 53. Kd1 Ka5 54. Ke2 Rd8 55. Bf3 Bg5 56. Be4 Bc1 57. Rc2 Bf4 58. Bf3 Bg3 59. Ra2 Bh4 60. Rc2 Rd4 61. Be4 Rd8 1/2-1/2

[Event "Rilton Cup"]
[Site "Stockholm"]
[Date "1988.??.??"]
[Round "?"]
[White "Vogt, Lothar"]
[Black "Schneider, Lars Ake"]
[Result "1-0"]
[WhiteElo "2485"]
[BlackElo "2475"]
[PlyCount "59"]
[EventDate "1988.??.??"]
[Source "ChessBase"]

1. e4 c5 2. Nf3 Nc6 3. d4 cxd4 4. Nxd4 Nf6 5. Nc3 d6 6. Bg5 e6 7. Qd2 a6 8. O-O-O Bd7 9. f4 Be7 10. Nf3 b5 11. Bxf6 gxf6 12. Kb1 Qb6 13. f5 h5 14. g3 O-O-O 15. Bh3 Kb8 16. fxe6 fxe6 17. Ne2 Ne5 18. Nfd4 Nc4 19. Qd3 f5 20. exf5 e5 21. f6 Bxh3 22. fxe7 Rc8 23. Nf5 Bxf5 24. Qxf5 Ne3 25. Qf2 Rxc2 26. Qf6 Rhc8 27. Rc1 Qc6 28. Qg6 Rxc1+ 29. Rxc1 Nc4 30. b3 1-0

[Event "St Petersburg-ch"]
[Site "St Petersburg"]
[Date "1996.??.??"]
[Round "6"]
[White "Yemelin, Vasily"]
[Black "Lugovoi, Aleksei"]
[Result "0-1"]
[WhiteElo "2460"]
[BlackElo "2500"]
[PlyCount "62"]
[EventDate "1996.04.??"]
[Source "ChessBase"]

1. e4 c5 2. Nf3 d6 3. d4 cxd4 4. Nxd4 Nf6 5. Nc3 Nc6 6. Bg5 e6 7. Qd2 Be7 8. O-O-O a6 9. f4 Bd7 10. Nf3 b5 11. Bxf6 gxf6 12. Bd3 Qa5 13. Kb1 b4 14. Ne2 Qc5 15. g4 a5 16. h4 a4 17. Rhf1 Qa5 18. Nfd4 Nxd4 19. Nxd4 Qc5 20. Be2 O-O 21. g5 Kh8 22. f5 b3 23. cxb3 axb3 24. a3 Ra4 25. Rg1 Qe5 26. g6 fxg6 27. fxg6 Rg8 28. Qh6 Rg7 29. gxh7 Qxe4+ 30. Ka1 Rxg1 31. Rxg1 Rxa3+ 0-1

[Event "Ubeda op"]
[Site "Ubeda"]
[Date "1996.??.??"]
[Round "?"]
[White "Borriss, Martin"]
[Black "Hernandez, Gilberto"]
[Result "0-1"]
[WhiteElo "2405"]
[BlackElo "2555"]
[PlyCount "60"]
[EventDate "1996.01.??"]
[Source "ChessBase"]

1. e4 c5 2. Nf3 d6 3. d4 cxd4 4. Nxd4 Nf6 5. Nc3 Nc6 6. Bg5 e6 7. Qd2 a6 8. O-O-O Bd7 9. f4 Be7 10. Nf3 b5 11. Bxf6 gxf6 12. f5 Qb6 13. Kb1 O-O-O 14. fxe6 fxe6 15. g3 Kb8 16. Ne2 Ne5 17. Nfd4 Nc4 18. Qd3 e5 19. Nb3 d5 20. Nc3 dxe4 21. Qe2 Bc6 22. Bh3 e3 23. Bg2 Qb7 24. Bxc6 Qxc6 25. Rhf1 b4 26. Na4 Qb5 27. Rd3 Rc8 28. Rfd1 Rc7 29. Nac5 Bxc5 30. Rd8+ Rc8 0-1

[Event "Saint John op-1"]
[Site "Saint John"]
[Date "1988.??.??"]
[Round "?"]
[White "Rohde, Michael A"]
[Black "Kopec, Danny"]
[Result "1-0"]
[WhiteElo "2555"]
[BlackElo "2405"]
[PlyCount "59"]
[EventDate "1988.01.??"]
[Source "ChessBase"]

1. e4 c5 2. Nf3 Nf6 3. Nc3 d6 4. d4 cxd4 5. Nxd4 Nc6 6. Bg5 e6 7. Qd2 a6 8. O-O-O Bd7 9. f4 Be7 10. Nf3 b5 11. Bxf6 Bxf6 12. Qxd6 Ra7 13. e5 Be7 14. Qd2 Qa5 15. Kb1 Bb4 16. Ng5 Ne7 17. Qf2 Rc7 18. Nce4 Bc6 19. Nd6+ Bxd6 20. exd6 Rd7 21. Qc5 h6 22. Be2 hxg5 23. dxe7 Qc7 24. Qxg5 g6 25. Rxd7 Qxd7 26. Qe5 Rh7 27. Rd1 Bd5 28. Bf3 Rxh2 29. f5 Rh4 30. f6 1-0

[Event "Gausdal"]
[Site "?"]
[Date "1991.??.??"]
[Round "?"]
[White "Lanka, Z."]
[Black "Schneider, L._A."]
[Result "1-0"]
[WhiteElo "2505"]
[BlackElo "2445"]
[PlyCount "81"]
[EventDate "1991.??.??"]
[Source "ChessBase"]
[SourceDate "1991.06.01"]

1. e4 c5 2. Nf3 Nc6 3. d4 cxd4 4. Nxd4 Nf6 5. Nc3 d6 6. Bg5 e6 7. Qd2 a6 8. O-O-O Bd7 9. f4 Be7 10. Nf3 b5 11. Bxf6 gxf6 12. Kb1 Qb6 13. f5 O-O-O 14. Ne2 Kb8 15. Nf4 Bc8 16. fxe6 fxe6 17. g3 Rhe8 18. Bh3 Bf8 19. Nh5 Ne5 20. Qf4 Nxf3 21. Qxf3 f5 22. Bg2 Bb7 23. Qe2 fxe4 24. Bxe4 d5 25. Bxh7 e5 26. Rhf1 e4 27. Rf6 Re6 28. Rxe6 Qxe6 29. Nf4 Qf6 30. a3 d4 31. Qg4 Bd6 32. Ne6 Bc8 33. Bf5 Bxe6 34. Bxe6 Qe5 35. Bf5 Re8 36. Qg6 Re7 37. Rf1 e3 38. Bd3 Ka7 39. Rf5 Qg7 40. Qxd6 e2 41. Bxe2 1-0

[Event "NED Team Ch"]
[Site "NED"]
[Date "1993.??.??"]
[Round "4"]
[White "Van der Wiel, John T H"]
[Black "Langeweg, Kick"]
[Result "1-0"]
[WhiteElo "2555"]
[BlackElo "2390"]
[PlyCount "93"]
[EventDate "1993.??.??"]
[Source "www.chesslib.no"]
[SourceDate "2004.05.04"]

1. e4 c5 2. Nf3 d6 3. d4 cxd4 4. Nxd4 Nf6 5. Nc3 Nc6 6. Bg5 e6 7. Qd2 a6 8. O-O-O Bd7 9. f4 Be7 10. Nf3 b5 11. Bxf6 gxf6 12. Kb1 Qb6 13. f5 b4 14. fxe6 fxe6 15. Ne2 a5 16. Nf4 Qc5 17. g3 a4 18. Bh3 Kf7 19. Rhf1 a3 20. Nxe6 Bxe6 21. Bxe6+ Kxe6 22. Qd5+ Qxd5 23. exd5+ Kd7 24. dxc6+ Kxc6 25. Nd4+ Kd7 26. Nf5 Ra5 27. Rd4 Rb8 28. Rh4 Rbb5 29. g4 Re5 30. Rxh7 Re2 31. Nxe7 Rxe7 32. Rxe7+ Kxe7 33. Rf5 d5 34. Rf3 Ra8 35. h3 Ke6 36. Rb3 Ra4 37. Re3+ Kd6 38. h4 axb2 39. h5 Ra7 40. Rb3 Rh7 41. Rxb4 f5 42. gxf5 Rxh5 43. Rf4 Ke5 44. Rf3 Kf6 45. Kxb2 Rh8 46. a4 Rb8+ 47. Ka3 1-0